| 000 | 01248nam a22004577a 4500 | ||
|---|---|---|---|
| 001 | BR7907292 | ||
| 003 | BR-BrBNA | ||
| 005 | 20230928090238.0 | ||
| 007 | ta | ||
| 008 | 230509b bl.||||| |||| 00| 0 por d | ||
| 040 |
_aBR-BrBNA _bpor _cBiblioteca Nacional de Agricultura |
||
| 041 | _a(Por) | ||
| 072 |
_aE70; F00 _b0120 _b0336 _b0150 _b0430 _b1410 _b0470 _b0590 _b0331 _b0510 _b/G514 |
||
| 090 | _ 0120 BR7907292 | ||
| 110 | 1 |
_aComissao de Financiamento da Producao, Brasilia, DF (Brasil) _91989 |
|
| 245 | 1 | _aSecas provocaram prejuizos de 20 bilhoes de cruzeiros [previsao de safra, colheita, Brasil] | |
| 260 | 3 |
_aBrasilia, DF (Brasil): _c1979. |
|
| 300 | _a51 p. | ||
| 500 | _a8 graphs; 30 tables | ||
| 650 | _aPREVISAO DE SAFRA | ||
| 650 | _aSECA | ||
| 650 | _aCLIMA | ||
| 650 | _aPRECIPITACAO PLUVIAL | ||
| 650 | _aMILHO | ||
| 650 | _aSOJA | ||
| 650 | _aARROZ | ||
| 650 | _aALGODAO | ||
| 650 | _aFEIJAO | ||
| 650 | _aJUTA | ||
| 650 | _aMALVA | ||
| 650 | _aMAMONA | ||
| 650 | _aSISAL | ||
| 650 | _aCOLHEITA | ||
| 650 | _aOFERTA | ||
| 650 | _aCONSUMO | ||
| 650 | _aPRECO MINIMO | ||
| 650 | _aMERCADO INTERNACIONAL | ||
| 650 | _aESTATISTICA COMERCIAL | ||
| 909 |
_a202309 _bLucia _c55 _dLucia Elande |
||
| 942 | _cBK | ||
| 999 |
_c28171 _d28171 |
||